Новый подъемный мост с Петровского на Крестовский остров г. Санкт-Петербурга. План, фасад, детали

RUSMARC
00005903cmc2a2200000#x 450
001b8d21e62-c785-4fa7-b0a5-fce79aa97796
00520190409120849.0
100##$a20140429l18381838k l0rusy0189 ca
1010#$arus
102##$aRU
2001#$aНовый подъемный мост с Петровского на Крестовский остров г. Санкт-Петербурга. План, фасад, детали
$j1838 г.
251##$cДело
300##$aОригинальный загловок дела: Новый подъемный мост с Петровского на Крестовский остров. План, фасад, детали. 1838 г.
300##$aБумага. Тушь, карандаш, акварель
300##$aРукописный текст. Чернила
801#0$aRU
$bРГИА
$c20140429
801#1$aRU
$bГлавНИВЦ
$c20140429
$2rusmarc
801#2$aRU
$bПБ им. Б.Н. Ельцина
$c20160229
$gRCR
$2rusmarc
850##$aФедеральное казенное учреждение "Российский государственный исторический архив" (РГИА)
852##$aРГИА
$j308
937##$hРГИА
$d11385344
$aASBIBLIO_SCAN
462#0$1001f33739e2-8da3-4a94-87ff-a1728dc92835
$12001
$a1795-1861 гг.
$vД. 308
$1251
$cОпись
$1852
$j4
461#0$100136133453-e1c7-4a41-902b-c6845355bc0d
$12001
$aПланы и чертежи водных и шоссейных дорог (коллекция)
$1251
$cФонд
$1852
$j1487
215##$a6 листов
$cплан.
$d33х43 см
371##$aДокумент не является опубликованным и широко распространяемым
105##$ae###
1220#$ad1838######
035##$ab8d21e62-c785-4fa7-b0a5-fce79aa97796
605##$2acquisition_Prlib
$3DITM\AF\0000004675
$aТерритория
$lколлекция
605##$aТерритория России: Санкт-Петербург, город
$lколлекция
$2acquisition_Prlib
$3LIBNET\UAF\0000039016
605##$aМосты Санкт-Петербурга
$lколлекция
$2acquisition_Prlib
$3LIBNET\UAF\0000081307
6061#$2nlr_sh
$3RU\NLR\AUTH\6601612535
$aГородские мосты
$jПланы
$yСанкт-Петербург, город
617##$2prlib_sh
$dСанкт-Петербург, город
686##$2rubbk
$a63.3(2-2СПб)52я67
$vLBC/M
686##$a85.113(2=411.2)52я67
$vLBC/M
$2rubbk
120##$abaa
121##$aa aaaa a
1232#$aa
124##$aa
$bj
206##$bМасштабы разные
5171#$aНовый подъемный мост с Петровского на Крестовский остров. План, фасад, детали
$e1838 г.
Формат отображения